|
|
|
|
| LEADER |
01123nam a2200229 a 4500 |
| 003 |
GR-PaULI |
| 005 |
20180706141001.0 |
| 008 |
180608suuuu gr a f |||| 00| 0 gre d |
| 040 |
|
|
|a GR-PaULI
|b gre
|c GR-PaULI
|d GR-AiPI
|e AACR2
|
| 082 |
0 |
4 |
|a 792.071
|2 23
|
| 100 |
1 |
|
|9 11746
|a Σπυρόπουλος, Ηλίας Σ.,
|d 1931-
|e συγγραφέας
|
| 245 |
1 |
3 |
|a Το αρχαιοελληνικό θέατρο στην παιδεία του σήμερα /
|c Ηλία Σ. Σπυρόπουλου.
|
| 260 |
|
|
|a Αθήνα :
|b Γκοβόστη,
|c [χ.χ.]
|
| 300 |
|
|
|a 59 σ. ;
|c 18 εκ.
|
| 490 |
1 |
|
|a Θητεία στον ανθρωπισμό
|
| 650 |
|
4 |
|9 161201
|a Θέατρο
|z Ελλάδα, Αρχαία
|x Ιστορία και κριτική
|
| 650 |
|
4 |
|9 2014
|a Θέατρο στην εκπαίδευση
|
| 830 |
|
0 |
|9 169383
|a Θητεία στον ανθρωπισμό
|
| 942 |
|
|
|2 ddc
|c BK15
|
| 952 |
|
|
|0 0
|1 0
|2 ddc
|4 0
|6 792_071000000000000_ΣΠΥ
|7 0
|9 222941
|a LISA
|b LISA
|c BSC
|d 2018-06-08
|i 13983
|l 0
|o 792.071 ΣΠΥ
|p 026000279599
|r 2018-06-08 00:00:00
|t 1
|w 2018-06-08
|y BK15
|
| 998 |
|
|
|c ΜΙΧΟΣΤΑΥΡΟΥ
|d 2018-06
|
| 999 |
|
|
|c 134731
|d 134731
|